Third Five year plan, Madhya Pradesh, 1961-62 to 1965-66 (Record no. 508728)

000 -LEADER
fixed length control field 00534cam a22001457a 4500
008 - FIXED-LENGTH DATA ELEMENTS--GENERAL INFORMATION
fixed length control field 180718b xxu||||| |||| 00| 0 eng d
082 ## - DEWEY DECIMAL CLASSIFICATION NUMBER
Classification number T000x5422 3D
100 ## - MAIN ENTRY--PERSONAL NAME
Personal name Madhya Pradesh. Planning Department
245 ## - TITLE STATEMENT
Title Third Five year plan, Madhya Pradesh, 1961-62 to 1965-66
Statement of responsibility, etc by Planning Department, Madhya Pradesh
260 ## - PUBLICATION, DISTRIBUTION, ETC. (IMPRINT)
Place of publication, distribution, etc Bhopal
Name of publisher, distributor, etc Government Central Press
Date of publication, distribution, etc 1960
300 ## - PHYSICAL DESCRIPTION
Extent 362p.
500 ## - GENERAL NOTE
General note Contents: Library has 1-2, 3 (draft), 4 (mid term), 5 (draft), 7, 8 (draft)
500 ## - GENERAL NOTE
General note Part I: A draft outline
942 ## - ADDED ENTRY ELEMENTS (KOHA)
Source of classification or shelving scheme
Holdings
Withdrawn status Lost status Source of classification or shelving scheme Damaged status Not for loan Permanent Location Current Location Date acquired Full call number Barcode Date last seen Price effective from Koha item type
          Indian Institute of Public Administration Indian Institute of Public Administration 2019-04-09 T000x5422 3D GG33048 2019-04-09 2019-04-09 GG

Powered by Koha